Vývoj základných kovov v júli na Londýnskej burze kovov Príloha Hospodárskych novín

Vývoj cien vybratých kovov na Londýnskej burze kovov v mesiaci júl 1996. Analýza obsahuje najdôležitejšie poznatky, ktoré môžu pomôcť obchodníkom a vývozcom pri orientácii na svetových trhoch. Ceny medi, hliníka, zinku, niklu, olova a cínu.

Na minha lista:
Detalhes bibliográficos
Autor principal: Zoller, Alexander
Formato: Capítulo de Livro
Idioma:eslovaco
Assuntos:
Tags: Adicionar Tag
Sem tags, seja o primeiro a adicionar uma tag!

MARC

LEADER 00000naa a2200000 4500
001 r021530
005 20230801105429.4
041 0 |a slo 
044 |a SK 
245 1 0 |a Vývoj základných kovov v júli na Londýnskej burze kovov  |b Príloha Hospodárskych novín  |c A. Zoller 
520 |a Vývoj cien vybratých kovov na Londýnskej burze kovov v mesiaci júl 1996. Analýza obsahuje najdôležitejšie poznatky, ktoré môžu pomôcť obchodníkom a vývozcom pri orientácii na svetových trhoch. Ceny medi, hliníka, zinku, niklu, olova a cínu. 
610 2 0 |a ceny svetové 
610 2 0 |a trh svetový 
610 2 0 |a kovy 
610 2 0 |a meď 
610 2 0 |a hliník 
610 2 0 |a olovo 
610 2 0 |a nikel 
610 2 0 |a zinok 
610 2 0 |a Londýnska burza kovov 
610 2 0 |a júl 
610 2 0 |a 1996 
100 1 |a Zoller, Alexander